000
00303nam a2200121 a 4500
005
20140414132036.0
008
110322s19uu xx 00 eng d
050
_a
TR
_b
AL4 2004
100
_a
Shannon, David
245
_a
Alice the fairy.
260
_a
New York :
_b
Scholastic ,
_c
2003.
999
_c
113717
_d
113717